Loading...

Village names of Chingleput disrict five northern taluks: socio linguistic study /

Bibliographic Details
Main Author: Jayaprakash, S
Format: Printed Book
Language:English
Published: Madurai: Sri Divya Pub, 1991.
LEADER 00456nam a2200109Ia 4500
008 121027s9999 xx 000 0 eng d
082 |a 494.827  |b JAY/V 
100 |a Jayaprakash, S 
245 |a Village names of Chingleput disrict five northern taluks: socio linguistic study / 
260 |a Madurai:  |b Sri Divya Pub,  |c 1991. 
999 |c 67843  |d 67843 
952 |0 0  |1 0  |4 0  |6 494_827000000000000_JAY_V  |7 0  |9 67820  |a UL  |b UL  |c ST2  |d 2012-10-27  |l 0  |o 494.827 JAY/V  |p G6658  |r 2012-10-27  |w 2012-10-27  |y BK